Harry Potter: Before and After 2 Quiz Stats

 Plays Quiz not verified by Sporcle

Challenge
Share
Tweet
Embed
Score 0/12 Timer 07:00
0 Plays Today
Hint 1 Answer % Correct
This Slytherin is saved by Harry from the fiendfyre in the Room of Requirement.Draco Malfoy Manor
84.1%
Everyone's favorite protagonist.Harry Potter Stinks
83%
The sixth child born to Molly and Arthur.Ronald Bilius Weasley is our King
80.8%
The Gryffindor who dates Ginny before Harry.Dean Thomas Riddle
80.5%
A place where centurs, massive spiders, and Grawp could call home.The Forbidden Forest of Dean
79.7%
Minerva McGonagall, Filius Flitwick, Pomona Sprout, and Severus Snape (or Horace Slughorn) are examples of this.Head of House Points
78.4%
A book that Hermione often references when Ron and Harry talk about ways to magically enter, or leave, the school grounds. Hogwarts, a History of Magic
76.9%
Albus Dumbledore was this for the Order of the Phoenix Headquarters.Secret Keeper on Gryffindor's Quidditch team
66.2%
The place where Harry visits for the first time during the fifth book, due to his hearing.Ministry of Magic is Might
63.6%
One of the three Deathly Hallows.The Elder Wand Weighing Ceremony
62.9%
This founder's object only takes in what makes it stronger.Sword of Gryffindor Tower
60.9%
What Harry Potter's name came out of, along with Cedric's, Krum's, and Fleur's.The Goblet of Fire Crab
32.1%

You're not logged in!

Compare scores with friends on all Sporcle quizzes.
Join for Free
OR
Log In

You Might Also Like...

Show Comments

Extras

Top Quizzes Today


Score Distribution

Your Account Isn't Verified!

In order to create a playlist on Sporcle, you need to verify the email address you used during registration. Go to your Sporcle Settings to finish the process.

Report this User

Report this user for behavior that violates our Community Guidelines.

Details: